Những mẫu câu thường dùng trong tiếng Hoa

Đã lưu trong:
书目详细资料
格式: 图书
出版: 2004
标签: 添加标签
没有标签, 成为第一个标记此记录!
Thư viện lưu trữ: Mạng thư viện Đại học Đà Nẵng
LEADER 00469nam a22001811a 4500
001 000036736
003 13031
005 20160412014919.0
008 160412s2004 000
082 |a 4H(07)85-87 
245 |a Những mẫu câu thường dùng trong tiếng Hoa  |c Trương Văn Giới 
260 |c 2004 
OWN |a LNN 
999 |a From the UDN01 
TYP |a Monograph 
980 |a Mạng thư viện Đại học Đà Nẵng